Programowanie wspolbiezne

Na minha lista:
Detalhes bibliográficos
Autor principal: Iszkowski, Waclaw
Outros Autores: Maniecki, Marek
Formato: Livro
Idioma:polonês
Publicado em: Warszawa Wyd. Naukowo-Techniczne 1982
Tags: Adicionar Tag
Sem tags, seja o primeiro a adicionar uma tag!

MARC

LEADER 00000nam a2200000 4500
001 c133725
005 20041019155259.0
041 0 |a pol 
044 |a PL 
245 1 0 |a Programowanie wspolbiezne  |c Waclaw Iszkowski, Marek Maniecki 
264 1 |a Warszawa  |b Wyd. Naukowo-Techniczne  |c 1982 
300 |a 286 s. 
100 1 |a Iszkowski, Waclaw 
700 1 |a Maniecki, Marek